1546 1721 1518 1042 1625 1072 1861 1784 1174 1982 1826 1807 1161 1746 1111 1451 1919 1587 1330 1604 1180 1895 1274 1002 1901 1546 1477 1499 1493 1456 1719 1261 1077 1074 1479 1364 1354 1700 1937 1077 1687 1563 1977 1802 1307 1073 1164 1664 1183 1651 1416 1321 1273 1398 1724 1046 1098 1574 1672 1545 1633 1005 1954 1039 1408 1799 1706 1595 1141 1187 1468 1275 1843 1642 1224 1493 1806 1655 1167 1896 1385 1399 1815 1069 1987 1822 1490 1022 1946 1848 1852 1027 1840 1415 1377 1583 1005 1854 1976 BCNSPRNW ULIB Ver.6.0+V

เปลี่ยนเป็นภาษาไทย

Change to English
 แสดงรายละเอียดบรรณานุกรม
  กลับหน้าหลัก

Brief Record : Get Marc (ISO 2709) : E-mail record : QR code < ปิดหน้าต่าง
LEADER : 00000nam 2200000uu 4500
001    13399121415
003     ULIB
008    121118s2549||||th 000 0 tha d
020    ^a9749741382
050    ^aT^bป931ม
245 0   ^aมือใหม่หัดใช้ nero7 / ^c[ผู้เขียน : กองบรรณาธิการโปรวิชั่น]
260    ^aกรุงเทพฯ : ^bโปรวิชั่น, ^c2549.
300    ^a253 หน้า : ^bภาพประกอบ + ^eมีคอมแพกต์ดิสก์ 1 แผ่น
505 2   ^aความรู้เบื้องต้นเกี่ยวกับการเขียนแผ่น CD และ DVD -- เริ่มต้น Nero 7 -- เรียกใช้งานง่าย ๆ ผ่าน Nero StartSmart -- เขียนแผ่นซีดีข้อมูล -- เก็บเพลงและไฟล์ข้อมูลลงในแผ่นซีดีเดียวกัน -- เขียนแผ่นซีดีเพลง -- เขียนแผ่นเพลง MP3, WMA และ MP4 -- แปลงไฟล์เพลงเป็นฟอร์แมตอื่น ๆ -- ปรับแต่งเสียงด้วย Nero Wave Editor -- ตัดต่อวิดีโอ และสร้างภาพยนตร์ -- สร้างแผน VCD และแผ่น DVD-Video -- รวมเทคนิคการแปลงแผ่นหนัง DVD -- สร้าง VCD/SVCD/DVD สไลด์โชว์ -- ดู และบันทึกรายการทีวีด้วย Nero Home -- คัดลอกแผ่น CD/DVD -- ออกแบบปก CD/DVD ด้วย Nero Cover Designer -- ดูหนัง ฟังเพลงด้วย Nero Showtime -- เทคนิคพิเศษอื่น ๆ -- ปัญหาที่อาจพบในการใช้งาน Nero.
650    ^aเนโร 7 (โปรแกรมคอมพิวเตอร์)
650    ^aคอมแพกต์ดิสก์.
650    ^aNero 7 (Computer program)
650    ^aซีดี-รอม.
650    ^aซีดี-รอม
650    ^aเนโร (โปรแกรมคอมพิวเตอร์)
650    ^aคอมแพกต์ดิสก์ ^xการบันทึก
650    ^aซีดี-รอม ^xการบันทึก
650    ^aเนโร (โปรแกรมคอมพิวเตอร์)
710 2   ^aกองบรรณาธิการโปรวิชั่น.
710 0   ^aกองบรรณาธิการโปรวิชั่น
945    ^p109^l0^i14544
995    ^aวิภา
999    ^aวิภา
รายการนี้ยังไม่มีแท็ก
คุณยังไม่ได้ล็อกอิน คุณสามารถมีกิจกรรมร่วมกับเว็บไซต์ได้ แต่ต้องล็อกอินก่อน ::
  ล็อกอิน

รายการสื่อสารสนเทศ

ลำดับที่ ประเภท เลขเรียก/บาร์โค้ด สถานที่ สถานะ
1. วิทยาศาสตร์การแพทย์ และสุขภาพ
วิทยาศาสตร์การแพทย์ และสุขภาพ
T ป931ม  
  Barcode: 14544
ห้องสมุดวิทยาเขตสวรรค์ประชารักษ์
►หนังสือทั่วไป
บนชั้น

รายการใกล้เคียง
    หัวเรื่อง [ซีดี-รอม]

BibComment


ยังไม่เคยถูกคอมเมนท์

คอมเมนท์ทรัพยากรรายการนี้
  คอมเมนท์: มือใหม่หัดใช้ n..


 Copyright 2026. Bcnsprnw @Library